000 00996nam a22002417a 4500
999 _c13781
_d13781
003 AR-CdUCM
008 190416b ||||| |||| 00| 0 spa d
040 _aMUNICIPALIDAD PROVINCIAL DEL CUSCO
_cBIBLIOTECA MUNICIPAL DEL CUSCO
082 _a184.1 /
_bP718
100 _aPlatón
_917519
245 _aEl Estado, o, La república /
260 _aParís :
_bGarnier Hermanos,
300 _aTomos ;
_c18 cm.
500 _aAntes del titulo: Autores célebres. Libro conformado por 2 tomos en uno solo.
505 _aContenido: t.1: Elogio de la vejez -- Verdadera utilidad de las riquezas -- ¿Tiene alguna ventaja la condición del hombre perverso? -- Nacimiento de la ley ... t.2: Cualidades necesarias a los magistrados -- Método de Sócrates ...
650 _aJusticia
_97448
650 _aFilosofía griega
_918933
650 _aCiencia política
_91775
650 _aPlaton
_917186
700 _aPérez, Enrique (traductor)
_932337
942 _2ddc
_cLIBROS
945 _acmm
_d2019-04-16